000 00553nam a22001577a 4500
999 _c15476
_d15476
003 OSt
008 180925b ||||| |||| 00| 0 eng d
082 _a631.75807
_bARU/TO
100 _aArun P.S
_aIgnatious A. Mendez
_aSmegha N.C
_93330
245 _aTopographic survey and resource mapping using GNSS
260 _aThavanur
_bDepartment of land and water resources and conservation engineering
_c2018
300 _axii, 89
_eCD
700 _aSathian K.K
_93199
856 _uhttps://drive.google.com/open?id=1DuPYxniscekDrJ17yzEFu6wteoOf68Jb
942 _cPR